000
00422nam a2200145Ia 4500
008
100204s9999 xx 000 0 und d
082
_b
8954
100
_a
जोशी मीना
245
_a
संघर्ष
260
_b
"गृहलक्ष्मी प्रकाशन, मुंबई 4"
_c
1982
300
_a
167
630
_a
संघर्ष
730
_a
संघर्ष
942
_c
BOOK
999
_c
453390
_d
453387